Ιστορικαί διηγήσεις
Αποθηκεύτηκε σε:
| Κύριος συγγραφέας: | |
|---|---|
| Μορφή: | Βιβλίο |
| Γλώσσα: | Greek |
| Δημοσίευση: |
[Αθήναι] :
Σιδέρης,
[19--].
|
| Σειρά: | Σύλλογος προς Διάδοσιν Ωφελίμων Βιβλίων ;
v.52 |
| Θέματα: | |
| Ετικέτες: |
Προσθήκη ετικέτας
Δεν υπάρχουν, Καταχωρήστε ετικέτα πρώτοι!
|
MARC
| LEADER | 00000cam a2200000 i 4500 | ||
|---|---|---|---|
| 001 | 1/100685 | ||
| 008 | 090204q19401950gr | ||| |||| ||gre|| | ||
| 035 | |l 10102953 | ||
| 040 | |a GR-MY-UA |b gre |e aacr | ||
| 041 | 0 | |a gre | |
| 082 | 7 | |a 599.97092 |2 (22) | |
| 100 | 1 | |a Κοντογιάννης, Παντελής, |d 1866-1928. | |
| 245 | 1 | 0 | |a Ιστορικαί διηγήσεις / |c Π. Μ. Κοντογιάννη. |
| 260 | |a [Αθήναι] : |b Σιδέρης, |c [19--]. | ||
| 300 | |a 84 σ. ; |c 17 εκ. | ||
| 490 | 1 | |a (Σύλλογος προς Διάδοσιν Ωφελίμων Βιβλίων ; |v vol.52) | |
| 500 | |a Με: Τα πρώτα βήματα της ανθρωπότητος / Edward Clodd - Αριστοτέλους Κουρτίδου . - Βυζαντινόν παραμύθι / Φαίδωνος Ι. Κουκουλέ. - Σύντομος ιστορία της ελληνικής γλώσσης / Γεωργίου Ν. Χατζιδάκη. - Πλίνιου του νεωτέρου επιστολαί / Γεωργίου Κ. Γρατσιάτου. - Διαλέξεις της εθνικής εκατονταετηρίδος 1830-1930. | ||
| 650 | 0 | 0 | |a Narration (Rhetoric) |
| 651 | 0 | |a Greece |x History. | |
| 830 | 0 | |a Σύλλογος προς Διάδοσιν Ωφελίμων Βιβλίων ; |v v.52 | |
| 852 | |a INST |b RHODES |c AKA |e 20090204 |h 599.97092 CLO |p 005400031787 |q 005400031787 |t BK |y 0 | ||
| 901 | |a BIBL4-2009-1 | ||
| 909 | |a Ρ |b 156790 | ||
| 970 | |a ΚΟΖΑ |b ΜΑΡΙΑ |z 2009/02/04 | ||